MARC details
| 000 -BAŞLIK |
| Sabit Uzunluktaki Kontrol Alanı |
02697nam a22006137a 4500 |
| 001 - KONTROL NUMARASI |
| Control Dosyası |
0061225 |
| 003 - KONTROL NUMARASI KİMLİĞİ |
| Kontrol Alanı |
KOHA_MİRAKIL |
| 005 - EN SON İŞLEM TARİHİ ve ZAMANI |
| Kontrol Alanı |
20260207004330.0 |
| 007 - FİZİKSEL TANIM SABİT ALAN - GENEL BİLGİ |
| Sabit uzunluklu kontrol alanı |
ta |
| 008 - SABİT UZUNLUKTAKİ VERİ ÖGELERİ - GENEL BİLGİ |
| Sabit Alan |
170912b2005 xx a|||gr||||#0|||0|tur | |
| 020 ## - ISBN - ULUSLARARASI STANDART KİTAP NUMARASI |
| Isbn |
9751617618 |
| 040 ## - KATALOGLAMA KAYNAĞI |
| Özgün Kataloglama Kurumu |
TR-BiSEU |
| Kataloglama Dili |
tur |
| Çeviri Kurumu |
TR-BiSEU |
| Açıklama Kuralları |
rda |
| 041 0# - DİL KODU |
| Metin ya da ses kaydının dil kodu |
tur |
| 050 ## - SINIFLAMA ve YER NUMARASI |
| Sınıflama Numarası |
DR432 |
| Yer Numarası |
.T87 2005 |
| 111 2# - TOPLANTI ADI |
| Toplantı Adı |
Türk Kültürü Kongresi : Cumhuriyetten Günümüze Türk Kültürünün Dünü, Bugünü ve Geleceği : Gelenek-Görenek, Örf-Adet, Giyim-Kuşam (5. : 2002 : Ankara) |
| 9 (RLIN) |
113438 |
| 245 1# - ESER ADI BİLDİRİMİ |
| Başlık |
V. Türk Kültürü Kongresi : |
| Alt Eseradı vb. |
Cumhuriyetten günümüze Türk kültürünün dünü, bugünü ve geleceği, 17-21 Aralık, 2002, Ankara : |
| -- |
gelenek-görenek, örf-adet, giyim-kuşam/ |
| Sorumluluk Bildirimi |
Yayına hazırlayan Alev Kahya Birgül. |
| 264 #1 - ÜRERİM, YAYIN, DAĞITIM ve TELİF BİLDİRİMİ |
| Yayın yeri |
Ankara : |
| Yayınlayan |
Atatürk Kültür Merkezi Başkanlığı Yayınları |
| Yayın tarihi |
2005 |
| 300 ## - FİZİKSEL TANIMLAMA |
| Sayfa, Cilt vb. |
c. : |
| Diğer fiziki detaylar |
resimli ; |
| Boyutları |
24 cm. |
| 336 ## - İÇERİK TÜRÜ |
| Content type term |
metin |
| Content type code |
txt |
| Source |
rdacontent |
| 337 ## - MEDYA TÜRÜ |
| Media type term |
aracısız |
| Media type code |
n |
| Source |
rdamedia |
| 338 ## - TAŞIYICI TÜRÜ |
| Carrier type term |
cilt |
| Carrier type code |
nc |
| Source |
rdacarrier |
| 490 1# - DİZİ BİLDİRİMİ |
| Dizi Bildirimi |
Atatürk Kültür Merkezi Başkanlığı yayını ; |
| Cilt Numarası |
314. |
| 490 1# - DİZİ BİLDİRİMİ |
| Dizi Bildirimi |
Kongre ve Sempozyum Bildirileri dizisi ; |
| Cilt Numarası |
31. |
| 500 ## - GENEL NOT |
| Genel Not |
Dizin var. |
| 500 ## - GENEL NOT |
| Genel Not |
Kaynakça var. |
| 650 #0 - KONU BAŞLIĞI EK GİRİŞ - KONU TERİMİ |
| Konusal terim veya coğrafi ad |
Turkish Language--Congresses |
| 9 (RLIN) |
113439 |
| 650 #0 - KONU BAŞLIĞI EK GİRİŞ - KONU TERİMİ |
| Konusal terim veya coğrafi ad |
Music--Turkey--Congresses |
| 9 (RLIN) |
68213 |
| 650 #0 - KONU BAŞLIĞI EK GİRİŞ - KONU TERİMİ |
| Konusal terim veya coğrafi ad |
Architecture--Turkey--Congresses |
| 9 (RLIN) |
61665 |
| 650 #0 - KONU BAŞLIĞI EK GİRİŞ - KONU TERİMİ |
| Konusal terim veya coğrafi ad |
Education--Turkey--Congresses |
| 9 (RLIN) |
6004 |
| 650 #0 - KONU BAŞLIĞI EK GİRİŞ - KONU TERİMİ |
| Konusal terim veya coğrafi ad |
Turkish Literature--Congresses |
| 9 (RLIN) |
76789 |
| 650 #0 - KONU BAŞLIĞI EK GİRİŞ - KONU TERİMİ |
| Konusal terim veya coğrafi ad |
Historiography--Turkey--Congresses |
| 9 (RLIN) |
87651 |
| 650 #0 - KONU BAŞLIĞI EK GİRİŞ - KONU TERİMİ |
| Konusal terim veya coğrafi ad |
Art, Islamic--Turkey--Congresses |
| 9 (RLIN) |
113440 |
| 650 #0 - KONU BAŞLIĞI EK GİRİŞ - KONU TERİMİ |
| Konusal terim veya coğrafi ad |
Art, Turkish--Congresses |
| 9 (RLIN) |
113441 |
| 650 #0 - KONU BAŞLIĞI EK GİRİŞ - KONU TERİMİ |
| Konusal terim veya coğrafi ad |
Civilization, Turkic--Congresses |
| 9 (RLIN) |
31893 |
| 650 #0 - KONU BAŞLIĞI EK GİRİŞ - KONU TERİMİ |
| Konusal terim veya coğrafi ad |
Turkey |
| Genel Alt Konu |
Social Life and Customs |
| -- |
Congresses |
| 9 (RLIN) |
113442 |
| 650 #0 - KONU BAŞLIĞI EK GİRİŞ - KONU TERİMİ |
| Konusal terim veya coğrafi ad |
Turkey--Religion--Congresses |
| 9 (RLIN) |
54539 |
| 650 #0 - KONU BAŞLIĞI EK GİRİŞ - KONU TERİMİ |
| Konusal terim veya coğrafi ad |
Turkey--Civilization--Congresses |
| 9 (RLIN) |
32993 |
| 650 #0 - KONU BAŞLIĞI EK GİRİŞ - KONU TERİMİ |
| Konusal terim veya coğrafi ad |
Türk Dili--Kongreler |
| 9 (RLIN) |
33321 |
| 650 #0 - KONU BAŞLIĞI EK GİRİŞ - KONU TERİMİ |
| Konusal terim veya coğrafi ad |
Müzik--Türkiye--Kongreler |
| 9 (RLIN) |
68217 |
| 650 #0 - KONU BAŞLIĞI EK GİRİŞ - KONU TERİMİ |
| Konusal terim veya coğrafi ad |
Mimari--Türkiye--Kongreler |
| 9 (RLIN) |
113443 |
| 650 #0 - KONU BAŞLIĞI EK GİRİŞ - KONU TERİMİ |
| Konusal terim veya coğrafi ad |
Eğitim--Türkiye--Kongreler |
| 9 (RLIN) |
6008 |
| 650 #0 - KONU BAŞLIĞI EK GİRİŞ - KONU TERİMİ |
| Konusal terim veya coğrafi ad |
Türk Edebiyatı--Kongreler |
| 9 (RLIN) |
76790 |
| 650 #0 - KONU BAŞLIĞI EK GİRİŞ - KONU TERİMİ |
| Konusal terim veya coğrafi ad |
Tarihçilik--Türkiye--Kongreler |
| 9 (RLIN) |
113444 |
| 650 #0 - KONU BAŞLIĞI EK GİRİŞ - KONU TERİMİ |
| Konusal terim veya coğrafi ad |
Sanat, İslami--Türkiye |
| Genel Alt Konu |
Kongreler |
| 9 (RLIN) |
113445 |
| 650 #0 - KONU BAŞLIĞI EK GİRİŞ - KONU TERİMİ |
| Konusal terim veya coğrafi ad |
Sanat, Türk--Kongreler |
| 9 (RLIN) |
113446 |
| 650 #0 - KONU BAŞLIĞI EK GİRİŞ - KONU TERİMİ |
| Konusal terim veya coğrafi ad |
Medeniyet, Türk--Kongreler |
| 9 (RLIN) |
113447 |
| 650 #0 - KONU BAŞLIĞI EK GİRİŞ - KONU TERİMİ |
| Konusal terim veya coğrafi ad |
Türkiye--Sosyal Yaşam ve Gelenekler--Kongreler |
| 9 (RLIN) |
113448 |
| 650 #0 - KONU BAŞLIĞI EK GİRİŞ - KONU TERİMİ |
| Konusal terim veya coğrafi ad |
Türkiye |
| Genel Alt Konu |
Din |
| -- |
Kongreler |
| 9 (RLIN) |
113449 |
| 650 #0 - KONU BAŞLIĞI EK GİRİŞ - KONU TERİMİ |
| Konusal terim veya coğrafi ad |
Türkiye |
| Genel Alt Konu |
Medeniyet |
| -- |
Kongreler |
| 9 (RLIN) |
113450 |
| 830 1# - SERİ EK GİRİŞİ - TEKBİÇİM ESER ADI |
| Tekbiçim Başlık |
Atatürk Kültür Merkezi Başkanlığı yayını ; |
| Volume number/sequential designation |
314. |
| 9 (RLIN) |
110806 |
| 830 1# - SERİ EK GİRİŞİ - TEKBİÇİM ESER ADI |
| Tekbiçim Başlık |
Kongre ve Sempozyum Bildirileri dizisi ; |
| Volume number/sequential designation |
31. |
| 9 (RLIN) |
113451 |
| 907 ## - LOCAL DATA ELEMENT G, LDG (RLIN) |
| a |
Tarih |
| 942 ## - EK GİRİŞ ÖGELERİ (KOHA) |
| Source of classification or shelving scheme |
Library of Congress Classification |
| Koha item type |
Book |